الفكر العربي وصراع الأضداد : (Record no. 14231)
[ view plain ]
| 000 -LEADER | |
|---|---|
| fixed length control field | 01094nam a22001577a 4500 |
| 008 - FIXED-LENGTH DATA ELEMENTS--GENERAL INFORMATION | |
| fixed length control field | 100627t xxu||||| |||| 00| 0 eng d |
| 082 ## - DEWEY DECIMAL CLASSIFICATION NUMBER | |
| Edition number | 22 |
| Classification number | 320.956 |
| Item number | أ ن ص |
| 245 ## - TITLE STATEMENT | |
| Title | الفكر العربي وصراع الأضداد : |
| Remainder of title | كيف احتوت التوفيقية الصراع المحظور بين الأصولية والعلمانية والحسم المؤجل بين الإسلام والغرب: تشخيص حالة اللاحسم في الحياة العربية والاحتواء التوفيقي للجدليات المحظورة / |
| Statement of responsibility, etc | محمد جابر الأنصاري |
| 250 ## - EDITION STATEMENT | |
| Edition statement | ط 2 |
| 260 ## - PUBLICATION, DISTRIBUTION, ETC. (IMPRINT) | |
| Place of publication, distribution, etc | بيروت: |
| Name of publisher, distributor, etc | المؤسسة العربية للدراسات والنشر ، 1999 |
| Date of publication, distribution, etc | 1999 |
| 300 ## - PHYSICAL DESCRIPTION | |
| Extent | 671 ص ؛ |
| Dimensions | 24 سم |
| 651 ## - SUBJECT ADDED ENTRY--GEOGRAPHIC NAME | |
| 9 (RLIN) | 13700 |
| Geographic name | العالم العربي |
| General subdivision | الأحوال السياسية |
| 651 ## - SUBJECT ADDED ENTRY--GEOGRAPHIC NAME | |
| 9 (RLIN) | 15242 |
| Geographic name | العالم العربي |
| General subdivision | الأحوال الثقافية |
| 942 ## - ADDED ENTRY ELEMENTS (KOHA) | |
| Source of classification or shelving scheme | Dewey Decimal Classification |
| Item type | Book - Borrowing |
| Withdrawn status | Item status | Source of classification or shelving scheme | Damaged status | Not for loan | Vendor | Home library | Current library | Shelving location | Date acquired | Source of acquisition | Cost, normal purchase price | Serial Enumeration / chronology | Total Checkouts | Full call number | Barcode | Date last seen | Koha item type |
|---|---|---|---|---|---|---|---|---|---|---|---|---|---|---|---|---|---|
| Dewey Decimal Classification | Central Library | Central Library | First floor | 27/06/2010 | 72.00 | 1 | 320.956 الف | 000021218 | 15/07/2025 | Book - Borrowing |